Французская революция. Т.2: Жиронда и гора (Запись № 13484396)

Подробности
000 -МАРКЕР
контрольное поле 01255nam2a22002531 4500
001 - ИДЕНТИФИКАТОР ЗАПИСИ
контрольное поле RU\NLR\A1SV\88241
005 - ИДЕНТИФИКАТОР ВЕРСИИ
контрольное поле 20251203152403.2
035 ## - ДРУГИЕ СИСТЕМНЫЕ НОМЕРА
Идентификатор записи (NLR Aleph) 009769617
100 ## - ДАННЫЕ ОБЩЕЙ ОБРАБОТКИ
Данные общей обработки 20080609d1929 u y0rusy50 ca
101 0# - ЯЗЫК РЕСУРСА
Язык текста, звукозаписи и т.д. русский
Язык оригинала французский
200 1# - ЗАГЛАВИЕ И СВЕДЕНИЯ ОБ ОТВЕТСТВЕННОСТИ
Основное заглавие Жиронда и гора
Первые сведения об ответственности С предисл. Н.М.Лукина
Последующие сведения об ответственности Пер. с фр. С.Лосева
210 ## - ПУБЛИКАЦИЯ, РАСПРОСТРАНЕНИЕ И ДР.
Место издания, распространения и т.д. М.
-- Л.
Имя издателя, распространителя и т. д. Моск. рабочий
Дата издания, распространения и т.д. 1929
215 ## - ФИЗИЧЕСКАЯ ХАРАКТЕРИСТИКА
Специфическое обозначение материала и объем 206 с.
300 ## - ОБЩИЕ ПРИМЕЧАНИЯ
Текст примечания Напеч. в Москве
300 ## - ОБЩИЕ ПРИМЕЧАНИЯ
Текст примечания На доб. тит. л. авт. и загл. на фр. яз.: Albert Mathiez. La révolution francaise. Т.2. La gironde et la montagne
461 #1 - УРОВЕНЬ НАБОРА
Встроенное поле 001RU\NLR\A1SV\88239
-- 2000#$aФранцузская революция$fПроф. А.Матьез$vТ.2
-- 700#1$aМатьез$bА.$f1874-1932$gАльбер
Системный номер (АБИС) связанной записи 10050451
Автор Матьез, А. (1874-1932)
Место публикации Л.
Дата публикации 1925-1930
Первые сведения об ответственности Проф. А.Матьез
Имя издателя, распространителя и т.д. Книга
Заглавие Французская революция
Номер тома Т.2
702 #1 - ИМЯ ЛИЦА - ВТОРИЧНАЯ ОТВЕТСТВЕННОСТЬ
Графика поля Кириллица
Материалы, к которым относится поле rus
Начальный элемент ввода Лукин
Часть имени, кроме начального элемента ввода Н. М.
Дополнения к именам, кроме дат историк-марксист
Даты 1885-1940
Расширение инициалов личного имени Николай Михайлович
Системный номер авторитетной/нормативной записи 229749
Идентификатор авторитетной/нормативной записи RU\NLR\AUTH\770229805
702 #1 - ИМЯ ЛИЦА - ВТОРИЧНАЯ ОТВЕТСТВЕННОСТЬ
Начальный элемент ввода Лосев
Часть имени, кроме начального элемента ввода В.
801 #0 - ИСТОЧНИК ЗАПИСИ
Страна Российская Федерация
Организация NLR
Дата составления 20080609
942 ## - ДОПОЛНИТЕЛЬНЫЕ ЭЛЕМЕНТЫ ЗАПИСИ (АБИС)
Тип экземпляра АБИС Книга
980 ## - КОЛЛЕКЦИЯ
Название коллекции Международный сводный каталог русской книги (1918-1926)
980 ## - КОЛЛЕКЦИЯ
Название коллекции Национальная библиография

Нет доступных экземпляров.